| 000 | 00378 a2200109 4500 | ||
|---|---|---|---|
| 001 | ART_55202 | ||
| 005 | 20260410162021.0 | ||
| 008 | 260409a | ||
| 245 | 1 | 0 | _aLa separación de hecho como causal de exclusión hereditaria |
| 100 | 1 | _aMillán, Fernando | |
| 773 | 0 |
_tTemas de derecho de familia, sucesiones y bioética _g- Año 7, N° 2 (feb. 2022) _wREV41029 |
|
| 999 |
_c33084 _d33084 |
||